| 000 | 006290000a22002170004500 | ||
|---|---|---|---|
| 999 |
_c48441 _d48441 |
||
| 001 | 1270 | ||
| 003 | CO-MdFUSB | ||
| 005 | 20180503125613.0 | ||
| 008 | 180212b xxu||||| |||| 00| 0 eng d | ||
| 020 | _a958-8110-85-8 | ||
| 040 | _cCO-MdBIC | ||
| 082 | 0 | 4 | _a571 P94c |
| 100 | 1 | _aForero Delgadillo, Alfonso | |
| 245 | 1 | 0 | _aEl cuerpo humano / Alfonso Forero Delgadillo |
| 250 | _a1a ed. | ||
| 260 | _aColombia : Prolibros | ||
| 300 | _a48 Pag. / 30 cm. | ||
| 505 | 0 | 0 | _at1. La cabeza y el cuello - T2. El tórax - T3. El abdomen y la pelvis - T4. La poderosa fuerza de la vida |
| 650 | 1 | 4 | _aEL CUERPO HUMANO |
| 942 | _cLGB | ||